00496nam a2200145Ia 4500008004100000041000800041082001700049100001600066245004500082260003500127300003000162365001300192999001500205952013000220240624s9999 xx 000 0 und d aeng a658.3008 CUR aCURTIS BILL aPEOPLE CAPABAILITY MATURITY GUIDELINES F c2004aDelhibPearson Education axx, : 587 : p. : cm. ; 24 cRSb31.5 c1756d1756 00104070aIMTNbIMTNcRack 23-Bd2005-01-17eJBDg350.00n10859o658.3008 CURp1756r2024-06-24 00:00:00t1w2024-06-24yBK